Routledge Companion to real estate development (Record no. 116065)
[ view plain ]
| 000 -LEADER | |
|---|---|
| fixed length control field | 01317cad a22003495a 4500 |
| 001 - CONTROL NUMBER | |
| control field | L159634 |
| 008 - FIXED-LENGTH DATA ELEMENTS--GENERAL INFORMATION | |
| fixed length control field | 160129s2017 xxk 000 0 eng d |
| 020 ## - INTERNATIONAL STANDARD BOOK NUMBER | |
| International Standard Book Number | 9781315690889 |
| 035 ## - SYSTEM CONTROL NUMBER | |
| System control number | (Sirsi) u159634 |
| 041 0# - LANGUAGE CODE | |
| Language code of text/sound track or separate title | eng |
| 050 04 - LIBRARY OF CONGRESS CALL NUMBER | |
| Classification number | 333.7315 $2 18 |
| 245 00 - TITLE STATEMENT | |
| Title | Routledge Companion to real estate development |
| Medium | [electronic resource] |
| 260 ## - PUBLICATION, DISTRIBUTION, ETC. | |
| Place of publication, distribution, etc. | London |
| Name of publisher, distributor, etc. | Routledge |
| Date of publication, distribution, etc. | 2017 |
| 300 ## - PHYSICAL DESCRIPTION | |
| Extent | eBook |
| 520 ## - SUMMARY, ETC. | |
| Summary, etc. | This Companion provides comprehensive coverage of the major contemporary themes and issues in the field of real estate development research. Topics covered include social and spatial impact, markets and economics, organization and management, finance and investment, environment and sustainability, design, land use policy and governance. |
| 590 ## - LOCAL NOTE (RLIN) | |
| Local note | KA |
| 650 24 - SUBJECT ADDED ENTRY--TOPICAL TERM | |
| Topical term or geographic name entry element | EBOOK |
| 650 24 - SUBJECT ADDED ENTRY--TOPICAL TERM | |
| Topical term or geographic name entry element | EMERGING MARKETS |
| 650 24 - SUBJECT ADDED ENTRY--TOPICAL TERM | |
| Topical term or geographic name entry element | PROPERTY |
| 650 24 - SUBJECT ADDED ENTRY--TOPICAL TERM | |
| Topical term or geographic name entry element | PROPERTY DEVELOPMENT |
| 651 #4 - SUBJECT ADDED ENTRY--GEOGRAPHIC NAME | |
| Geographic name | International |
| 690 ## - LOCAL SUBJECT ADDED ENTRY--TOPICAL TERM (OCLC, RLIN) | |
| Topical term or geographic name as entry element | Commercial property |
| 9 (RLIN) | 6227 |
| 690 ## - LOCAL SUBJECT ADDED ENTRY--TOPICAL TERM (OCLC, RLIN) | |
| Topical term or geographic name as entry element | Finance and taxation |
| 690 ## - LOCAL SUBJECT ADDED ENTRY--TOPICAL TERM (OCLC, RLIN) | |
| Topical term or geographic name as entry element | Investments |
| 9 (RLIN) | 6250 |
| 690 ## - LOCAL SUBJECT ADDED ENTRY--TOPICAL TERM (OCLC, RLIN) | |
| Topical term or geographic name as entry element | Sustainability |
| 9 (RLIN) | 6271 |
| 690 ## - LOCAL SUBJECT ADDED ENTRY--TOPICAL TERM (OCLC, RLIN) | |
| Topical term or geographic name as entry element | Valuation |
| 9 (RLIN) | 6273 |
| 700 1# - ADDED ENTRY--PERSONAL NAME | |
| Personal name | Squires, Graham |
| 700 1# - ADDED ENTRY--PERSONAL NAME | |
| Personal name | Heurkens, Erwin |
| 700 1# - ADDED ENTRY--PERSONAL NAME | |
| Personal name | Peiser, Richard |
| 856 40 - ELECTRONIC LOCATION AND ACCESS | |
| Uniform Resource Identifier | <a href="https://www.vlebooks.com/">https://www.vlebooks.com/</a> |
| Public note | View on VLEbooks. Logins for members only from [email protected] |
| 942 ## - ADDED ENTRY ELEMENTS (KOHA) | |
| Suppress in OPAC | 0 |
| Withdrawn status | Lost status | Source of classification or shelving scheme | Damaged status | Not for loan | Home library | Current library | Shelving location | Date acquired | Total Checkouts | Full call number | Barcode | Date last seen | Copy number | Price effective from | Koha item type |
|---|---|---|---|---|---|---|---|---|---|---|---|---|---|---|---|
| Dewey Decimal Classification | Virtual | Virtual | Online | 30/11/2017 | ONLINE PUBLICATION | 159634-2001 | 06/08/2019 | 1 | 06/08/2019 | Book |